书目信息 |
| 题名: |
当今中国特大跨国犯罪案揭秘(下卷)
|
|
| 作者: | 杨永启 著 | |
| 分册: | ||
| 出版信息: | 长春 吉林文史出版社 2007.07 |
|
| 页数: | 163页 | |
| 开本: | 22cm | |
| 丛书名: | ||
| 单 册: | ||
| 中图分类: | D924.1 | |
| 科图分类: | ||
| 主题词: | 法律--中国 | |
| 电子资源: | ||
| ISBN: | 978-7-80528-689-1 | |
| 000 | 00730 nam 000241 | |
| 001 | 0100028329 | |
| 005 | 20120326161937.54 | |
| 010 | @a978-7-80528-689-1@dCNY46.50 | |
| 100 | @a20090605d2007 em y0chiy0121 ea | |
| 101 | @achi | |
| 102 | @aCN@b220000 | |
| 105 | @ay z 000yy | |
| 106 | @ar | |
| 200 | 10 | @a当今中国特大跨国犯罪案揭秘(下卷)@9dang jin zhong guo te da kua guo fan zui an jie mi xia juan@f杨永启著@Fyang yong qi zhu |
| 205 | @a2版 | |
| 210 | @a长春@c吉林文史出版社@d2007.07 | |
| 215 | @a163页@d22cm | |
| 540 | @a当今中国特大跨国犯罪案揭秘(下卷) | |
| 606 | @a法律@x中国 | |
| 690 | @aD924.1@v4 | |
| 701 | 0 | @a杨永启@9yang yong qi@4著 |
| 801 | @aCN@bCQULIB@c20020616 | |
| 905 | @b901057-9@dD924.1@eY3201@f3 | |
| 当今中国特大跨国犯罪案揭秘(下卷)/杨永启著.-2版.-长春:吉林文史出版社,2007.07 |
| 163页;22cm |
| ISBN 978-7-80528-689-1:CNY46.50 |
| ● |
| 相关链接 |
|
|
|
正题名:当今中国特大跨国犯罪案揭秘(下卷)
索取号:D924.1/Y3201
 
预约/预借
| 序号 | 登录号 | 条形码 | 馆藏地/架位号 | 状态 | 备注 |
| 1 | 901057 | 209010577 | 社科库509/ [索取号:D924.1/Y3201] |
已借出,限还日期为2037.02.16 借出人:中级法院 |
|
| 2 | 901058 | 209010586 | 社科库509/509社科库 98排1列1层/ [索取号:D924.1/Y3201] | 在馆 | |
| 3 | 901059 | 209010595 | 社科库509/509社科库 98排1列1层/ [索取号:D924.1/Y3201] | 在馆 |